<?xml version="1.0" encoding="UTF-8"?>
<record
    xmlns:xsi="http://www.w3.org/2001/XMLSchema-instance"
    xsi:schemaLocation="http://www.loc.gov/MARC21/slim http://www.loc.gov/standards/marcxml/schema/MARC21slim.xsd"
    xmlns="http://www.loc.gov/MARC21/slim">

  <leader>01474nam a2200193 u 4500</leader>
  <controlfield tag="001">000020425</controlfield>
  <controlfield tag="005">20200929170419.0</controlfield>
  <controlfield tag="008">100813s2015    dr            000 0 spa d</controlfield>
  <datafield tag="020" ind1=" " ind2=" ">
    <subfield code="a">9789945897586</subfield>
  </datafield>
  <datafield tag="040" ind1=" " ind2=" ">
    <subfield code="a">DO-SdBNP</subfield>
    <subfield code="b">spa</subfield>
    <subfield code="c">BNPHU</subfield>
  </datafield>
  <datafield tag="082" ind1=" " ind2=" ">
    <subfield code="a">xxx</subfield>
    <subfield code="b">xxx</subfield>
  </datafield>
  <datafield tag="100" ind1="1" ind2=" ">
    <subfield code="a">Jes&#xFA;s Hern&#xE1;ndez, Ana</subfield>
    <subfield code="9">43092</subfield>
  </datafield>
  <datafield tag="245" ind1="1" ind2="0">
    <subfield code="a">Mi escuela es una escuela ecol&#xF3;gica /</subfield>
    <subfield code="c">Ana Jes&#xFA;s Hern&#xE1;ndez.</subfield>
  </datafield>
  <datafield tag="260" ind1=" " ind2=" ">
    <subfield code="a">Santo Domingo :</subfield>
    <subfield code="b">Centro de Cultura Proveda,</subfield>
    <subfield code="c">2015.</subfield>
  </datafield>
  <datafield tag="300" ind1=" " ind2=" ">
    <subfield code="a">73 p. :</subfield>
    <subfield code="b">il., gr&#xE1;ficos ;</subfield>
    <subfield code="c">29 cm.</subfield>
  </datafield>
  <datafield tag="490" ind1="1" ind2=" ">
    <subfield code="a">Cuaderno sociedad y educaci&#xF3;n</subfield>
    <subfield code="v">28</subfield>
  </datafield>
  <datafield tag="505" ind1="0" ind2=" ">
    <subfield code="a">La creciente demanda de todo lo ecol&#xF3;gico --</subfield>
    <subfield code="t">Primera parte : la clasificaci&#xF3;n de conceptos es necesaria para oriental acciones funfamentales --</subfield>
    <subfield code="t">Cap&#xED;tulo II : La ecolog&#xED;a y el medio ambiente --</subfield>
    <subfield code="t">Cap&#xED;tulo III : Pricipios ecol&#xF3;gicos b&#xE1;sicos --</subfield>
    <subfield code="t">Cap&#xED;tulo IV : S&#xED;ntesis del perfil sobre el pensamiento ecol&#xF3;gico --</subfield>
    <subfield code="t">2da parte : Alfabetizaci&#xF3;n ecol&#xF3;gica desde el marco de la pedagog&#xED;a de Paulo Freire --</subfield>
    <subfield code="t">Cap&#xED;tulo V : Apostando por escuela con ciencia verde --</subfield>
    <subfield code="t">Cap&#xED;tulo VI : Una escuela que aprende a reciclar es una escuela sostenible --</subfield>
    <subfield code="t">Cap&#xED;tulo VII : Resiliencia y educaci&#xF3;n --</subfield>
    <subfield code="t">Cap&#xED;tulo VIII : Estructuras de apoyo y mediaciones pedagog&#xED;cas desde el contexto ecol&#xF3;gico --</subfield>
    <subfield code="t">3ra. parte : Aprendizajes contextualizados en el entorno narutal y social de las escuelas dominicanas --</subfield>
    <subfield code="t">Cap&#xED;tulo IX : Ruta iniciada en l&#xED;neas progr&#xE1;maticas</subfield>
  </datafield>
  <datafield tag="830" ind1=" " ind2="0">
    <subfield code="a">Cuaderno sociedad y educaci&#xF3;n</subfield>
    <subfield code="n">28</subfield>
    <subfield code="9">43093</subfield>
  </datafield>
  <datafield tag="952" ind1=" " ind2=" ">
    <subfield code="0">0</subfield>
    <subfield code="1">0</subfield>
    <subfield code="7">1</subfield>
    <subfield code="8">PD</subfield>
    <subfield code="a">PD</subfield>
    <subfield code="b">PD</subfield>
    <subfield code="c">HD</subfield>
    <subfield code="d">2017-05-23</subfield>
    <subfield code="i">LF1</subfield>
    <subfield code="l">0</subfield>
    <subfield code="o">xxx xxx</subfield>
    <subfield code="p">20425-10</subfield>
    <subfield code="r">2020-06-25</subfield>
    <subfield code="w">2020-06-25</subfield>
    <subfield code="y">LFPD</subfield>
    <subfield code="Z">No se presta</subfield>
  </datafield>
  <datafield tag="999" ind1=" " ind2=" ">
    <subfield code="c">19929</subfield>
    <subfield code="d">19929</subfield>
  </datafield>
</record>
